Country/City in a Restaurant Quiz Stats

 Plays Quiz not verified by Sporcle

Challenge
Share
Tweet
Embed
Score 0/23 Timer 05:00
0 Plays Today
% Correct
Kentucky
88.1%
Hollywood
83.6%
Mexican
82.1%
Mexican
79.1%
Boston
77.6%
Italy
76.1%
Seattle
74.6%
USA
73.1%
California
70.1%
Mexican
68.7%
China
67.2%
Jersey
67.2%
% Correct
Japan
64.2%
Italian
59.7%
Penn
59.7%
Chicago
59.7%
Tijuana
58.2%
Mongolian
49.3%
Asian
47.8%
Southwest
46.3%
American
44.8%
Houston
37.3%
Hawaiian
35.8%

You're not logged in!

Compare scores with friends on all Sporcle quizzes.
OR
Log In

You Might Also Like...

Show Comments

Extras

Top Quizzes Today


Score Distribution

Your Account Isn't Verified!

In order to create a playlist on Sporcle, you need to verify the email address you used during registration. Go to your Sporcle Settings to finish the process.

Report this User

Report this user for behavior that violates our Community Guidelines.

Details: